UBT Library

Qualitative inquiry and research design : (Record no. 43976)

000 -LEADER
fixed length control field 00812cam a2200253 a 4500
001 - CONTROL NUMBER
control field 17075561
005 - DATE AND TIME OF LATEST TRANSACTION
control field 20180302043440.0
008 - FIXED-LENGTH DATA ELEMENTS--GENERAL INFORMATION
fixed length control field 111208s2013 caua b 001 0 eng
010 ## - LIBRARY OF CONGRESS CONTROL NUMBER
LC control number 2011050629
020 ## - INTERNATIONAL STANDARD BOOK NUMBER
International Standard Book Number 9781412995313 (cloth)
020 ## - INTERNATIONAL STANDARD BOOK NUMBER
International Standard Book Number 9781412995306 (pbk.)
040 ## - CATALOGING SOURCE
Original cataloging agency DLC
Transcribing agency DLC
Modifying agency DLC
041 ## - LANGUAGE CODE
Language code of text/sound track or separate title eng
042 ## - AUTHENTICATION CODE
Authentication code pcc
080 ## - UNIVERSAL DECIMAL CLASSIFICATION NUMBER
Universal Decimal Classification number 300.72 CRE
082 00 - DEWEY DECIMAL CLASSIFICATION NUMBER
Classification number 300.72 CRE
Edition number 23
100 1# - Rafti
Rafti 25
101 ## - Shkurtesa
Shkurtesa EDU
245 10 - TITLE STATEMENT
Title Qualitative inquiry and research design :
Statement of responsibility, etc John W. Creswell.
504 ## - BIBLIOGRAPHY, ETC. NOTE
Bibliography, etc Includes bibliographical references (p. 417-434) and indexes.
906 ## - LOCAL DATA ELEMENT F, LDF (RLIN)
a 7
b cbc
c orignew
d 1
e ecip
f 20
g y-gencatlg
942 ## - ADDED ENTRY ELEMENTS (KOHA)
Source of classification or shelving scheme
Item type Books
Holdings
Withdrawn status Lost status Source of classification or shelving scheme Damaged status Not for loan Collection code Permanent location Current location Shelving location Date acquired Total Checkouts Full call number Barcode Date last seen Price effective from Koha item type
          Koleksioni i përgjithshem UBT - Lipjan UBT - Lipjan Koleksioni i përgjithshem 03/02/2018   300.72 CRE 002-3000331 03/02/2018 03/02/2018 Books
UBT Library © 2015-2024. All rights reserved University Education for Business and Technology